| Tag |
First Indicator |
Second Indicator |
Subfields |
| LEADER |
00000cam a22000004a 4500 |
| 001 |
in00001551237 |
| 005 |
20151022063028.0 |
| 008 |
990922s2000 caua bf 001 0 eng |
| 010 |
|
|
|a 99005958
|
| 015 |
|
|
|a GB99-U9422
|
| 019 |
|
|
|a 42834859
|a 43541864
|
| 020 |
|
|
|a 076191370X (alk. paper)
|
| 020 |
|
|
|a 0761913718 (pbk. : alk. paper)
|
| 035 |
|
|
|a (OCoLC)ocm42454110
|
| 040 |
|
|
|a DLC
|c DLC
|d UKM
|d NLM
|d TXA
|d UtOrBLW
|
| 042 |
|
|
|a pcc
|
| 043 |
|
|
|a n-us---
|
| 049 |
|
|
|a TXAM
|
| 050 |
0 |
0 |
|a HV6626.52
|b .H36 2000
|
| 060 |
0 |
0 |
|a WA 320
|b H2356 2000
|
| 069 |
0 |
|
|a 100928601
|
| 082 |
0 |
0 |
|a 362.76/0973
|2 21
|
| 245 |
0 |
0 |
|a Handbook for child protection practice /
|c edited by Howard Dubowitz, Diane DePanfilis.
|
| 246 |
3 |
0 |
|a Child protection practice
|
| 264 |
|
1 |
|a Thousand Oaks :
|b Sage Publications,
|c [2000]
|
| 264 |
|
4 |
|c ©2000
|
| 300 |
|
|
|a xxii, 681 pages :
|b illustrations ;
|c 27 cm.
|
| 336 |
|
|
|a text
|b txt
|2 rdacontent
|
| 337 |
|
|
|a unmediated
|b n
|2 rdamedia
|
| 338 |
|
|
|a volume
|b nc
|2 rdacarrier
|
| 504 |
|
|
|a Includes bibliographical references and index.
|
| 650 |
|
0 |
|a Child abuse
|z United States
|x Prevention
|v Handbooks, manuals, etc.
|
| 650 |
|
0 |
|a Child welfare
|z United States
|v Handbooks, manuals, etc.
|
| 650 |
|
0 |
|a Social work with children
|z United States
|v Handbooks, manuals, etc.
|
| 650 |
|
0 |
|a Family social work
|z United States
|v Handbooks, manuals, etc.
|
| 650 |
1 |
2 |
|a Child Abuse
|x prevention & control
|z United States
|v Handbooks.
|
| 650 |
2 |
2 |
|a Child Welfare
|z United States
|v Handbooks.
|
| 650 |
2 |
2 |
|a Family
|z United States
|v Handbooks.
|
| 650 |
2 |
2 |
|a Social Work
|z United States
|v Handbooks.
|
| 650 |
|
4 |
|a Child abuse.
|
| 650 |
|
4 |
|a Child welfare.
|
| 700 |
1 |
|
|a Dubowitz, Howard.
|
| 700 |
1 |
|
|a DePanfilis, Diane.
|
| 994 |
|
|
|a E0
|b TXA
|
| 948 |
|
|
|a cataloged
|b h
|c 2000/7/24
|d c
|e ceaton
|f 3:02:29 pm
|
| 999 |
|
|
|a MARS
|
| 999 |
f |
f |
|s 855341ab-adc7-3f1b-8678-7eec17702601
|i 375f3468-18ce-3b1d-8e99-b0a7a7e4ca90
|t 0
|
| 952 |
f |
f |
|p ric
|a Texas A&M University
|b Rellis Campus
|c Joint Library Facility
|d Remote Storage
|t 0
|e HV6626.52 .H36 2000
|h Library of Congress classification
|i unmediated -- volume
|m A14826311565
|
| 998 |
f |
f |
|a HV6626.52 .H36 2000
|t 0
|l Remote Storage
|